000 00347nam a2200121Ia 4500
008 151001s9999||||xx |||||||||||||| ||und||
100 _aवा शि आपटे
245 _aदीपगृहातील साहस
260 _bश्रीराम प्रकाशन पुणे
260 _c1988
300 _a64
365 _b17
999 _c971714
_d971711